书目信息 |
| 题名: |
维特根斯坦与《哲学研究》
|
|
| 作者: | 麦金 著 ;李国山 译 | |
| 分册: | ||
| 出版信息: | 桂林 广西师范大学出版社 2007 |
|
| 页数: | 260页 | |
| 开本: | 22cm | |
| 丛书名: | 劳特里奇哲学指南丛书 | |
| 单 册: | ||
| 中图分类: | B085 | |
| 科图分类: | ||
| 主题词: | 哲学思想 , 哲学学派 , 哲学学派--研究 | |
| 电子资源: | ||
| ISBN: | 978-7-5633-6469-5 | |
| 000 | 01242oam2 2200325 450 | |
| 001 | 1234299468 | |
| 005 | 20121003093324.76 | |
| 010 | @a978-7-5633-6469-5@dCNY20.00 | |
| 100 | @a20070608d2007 em y0chiy50 ea | |
| 101 | 1 | @achi@ceng |
| 102 | @aCN@b450000 | |
| 105 | @ay z 000yy | |
| 106 | @ar | |
| 200 | 1 | @a维特根斯坦与《哲学研究》@dWittgenstein and the philosophical investigations@f(英)M. 麦金(Marie McGinn)著@g李国山译@zeng@Awei te gen si tan yu 《 zhe xue yan jiu 》 |
| 210 | @a桂林@c广西师范大学出版社@d2007 | |
| 215 | @a260页@d22cm | |
| 225 | 2 | @a劳特里奇哲学指南丛书 |
| 330 | @a本书清楚明白地梳理了《哲学研究》的主要观点,以后期维特根斯坦的哲学观为线索,详细介绍了他的语言哲学和心理学哲学观点。 | |
| 461 | 0 | @1001003506191 |
| 510 | 1 | @aWittgenstein and the Philosophical Investigations@zeng |
| 600 | 0 | @a维特根斯坦@c(Wittgenstein, Ludwig@f1889-1951) |
| 600 | 0 | @a维特根斯坦@c(Wittgenstein, Ludwig@f1889-1951)@x哲学思想@x研究 |
| 606 | 0 | @a哲学思想 |
| 606 | 0 | @a哲学学派 |
| 606 | 0 | @a哲学学派@x研究 |
| 690 | @aB085@v4 | |
| 701 | 0 | @c(英)@a麦金@c(McGinn, Marie)@Amai jin@4著 |
| 702 | 0 | @a李国山@c(哲学)@4译@Ali guo shan |
| 801 | 0 | @aCN@b110019@c20070425 |
| 905 | @a10447@dB085@eJY104 | |
| 维特根斯坦与《哲学研究》=Wittgenstein and the philosophical investigations/(英)M. 麦金(Marie McGinn)著/李国山译.-桂林:广西师范大学出版社,2007 |
| 260页;22cm .-(劳特里奇哲学指南丛书 ) |
| ISBN 978-7-5633-6469-5:CNY20.00 |
| 本书清楚明白地梳理了《哲学研究》的主要观点,以后期维特根斯坦的哲学观为线索,详细介绍了他的语言哲学和心理学哲学观点。 |
| ● |
| 相关链接 |
|
|
|
|
正题名:维特根斯坦与《哲学研究》
索取号:B085/JY104
 
预约/预借
| 序号 | 登录号 | 条形码 | 馆藏地/架位号 | 状态 | 备注 |
| 1 | 7809692 | 278096926 | 学院路分馆/ [索取号:B085/JY104] | 在馆 | |
| 2 | 7809693 | 278096935 | 学院路分馆/ [索取号:B085/JY104] | 在馆 |